Statistics for National Rugby League Teams

Click here to take the quiz!

General Stats

  • This quiz has been taken 2,147 times
    (2,144 since last reset)
  • The average score is 13 of 16

Answer Stats

Answer % Correct
Melbourne Storm
91%
Sydney Roosters
90%
Brisbane Broncos
89%
South Sydney Rabbitohs
88%
New Zealand Warriors
82%
Gold Coast Titans
82%
North Queensland Cowboys
82%
Wests Tigers
81%
Parramatta Eels
80%
Canterbury-Bankstown Bulldogs
79%
Canberra Raiders
79%
St George Illawarra Dragons
78%
Cronulla Sharks
78%
Manly Sea Eagles
77%
Newcastle Knights
75%
Penrith Panthers
75%

Score Distribution

Percentile by Number Answered

Percent of People with Each Score

Your Score History

You have not taken this quiz since the last reset